Ultimate unscrambling Quiz Stats

 Plays Quiz not verified by Sporcle

Score 0/50 Timer 08:00
0 Plays Today
scrambled unscrambled word % Correct
arw nad ecaepwar and peace
98.8%
dolr fo het grinslord of the rings
96.3%
kclabblack
96.3%
theiwwhite
95.1%
eqarussquare
95.1%
prlepupurple
93.8%
wnrobbrown
93.8%
bsepongob sarnteqpuasspongebob squarepants
93.8%
anziroaarizona
93.8%
clercicircle
93.8%
olfwwolf
93.8%
rumddrum
93.8%
egleglee
92.6%
niliovviolin
92.6%
a late fo wot iesctia tale of two cities
91.4%
nva ggohvan gogh
91.4%
yilfam yugfamily guy
90.1%
adoriflflorida
90.1%
rryah tterpo dan het letbog fo rifeharry potter and the goblet of fire
88.9%
ellcocello
88.9%
dreinfsfriends
87.7%
groaneorange
86.4%
fanaicoirlcalifornia
86.4%
yutcnkekentucky
86.4%
obapl osicasppablo picasso
86.4%
scrambled unscrambled word % Correct
achelsechelsea
85.2%
hrobmusrhombus
85.2%
arguitguitar
85.2%
glabeebeagle
84%
kjac lselrus riterrejack russell terrier
81.5%
sonpimsssimpsons
80.2%
plystaupplatypus
80.2%
dopelopoodle
77.8%
leegacrntrectangle
77.8%
dplionhdolphin
77.8%
aler drimadreal madrid
76.5%
auhhauhicchihuahua
76.5%
sothgwiannwashington
74.1%
grinethuw shieghtwuthering heights
72.8%
kecrco lenispacocker spaniel
72.8%
treniclaclarinet
67.9%
lobacernabarcelona
65.4%
edclau netomclaude monet
61.7%
anmtersech detuni manchester united
60.5%
terin ilmaninter milan
53.1%
hperatnpanther
39.5%
rhien samtieshenri matisse
37%
ulap zanceenpaul cezanne
37%
chirostostrich
37%
zetmruaiptrapezium
29.6%

You're not logged in!

Compare scores with friends on all Sporcle quizzes.
OR
Log In

Show Comments

Extras

Top Quizzes Today


Score Distribution

Your Account Isn't Verified!

In order to create a playlist on Sporcle, you need to verify the email address you used during registration. Go to your Sporcle Settings to finish the process.

Report this User

Report this user for behavior that violates our Community Guidelines.

Details: